| 000 -LEADER |
| fixed length control field |
01630cam a2200361 a 4500 |
| 001 - CONTROL NUMBER |
| control field |
4018969 |
| 003 - CONTROL NUMBER IDENTIFIER |
| control field |
nust |
| 005 - DATE AND TIME OF LATEST TRANSACTION |
| control field |
20180117090022.0 |
| 008 - FIXED-LENGTH DATA ELEMENTS--GENERAL INFORMATION |
| fixed length control field |
971112s1998 nyua b 001 0beng |
| 010 ## - LIBRARY OF CONGRESS CONTROL NUMBER |
| LC control number |
97049220 |
| 020 ## - INTERNATIONAL STANDARD BOOK NUMBER |
| International Standard Book Number |
0471194085 (cloth : alk. paper) |
| 040 ## - CATALOGING SOURCE |
| Original cataloging agency |
DLC |
| Transcribing agency |
DLC |
| Modifying agency |
DLC |
| 043 ## - GEOGRAPHIC AREA CODE |
| Geographic area code |
n-us--- |
| 050 00 - LIBRARY OF CONGRESS CALL NUMBER |
| Classification number |
HD9349.S632 |
| Item number |
G74 1998 |
| 082 00 - DEWEY DECIMAL CLASSIFICATION NUMBER |
| Classification number |
338.7/66362/092 |
| -- |
B |
| Edition number |
21 |
| 100 1# - MAIN ENTRY--PERSONAL NAME |
| Personal name |
Greising, David, |
| Dates associated with a name |
1960- |
| 245 10 - TITLE STATEMENT |
| Title |
I'd like the world to buy a coke : |
| Remainder of title |
the life and leadership of Roberto Goizueta / |
| Statement of responsibility, etc. |
David Greising. |
| 246 3# - VARYING FORM OF TITLE |
| Title proper/short title |
I would like the world to buy a coke |
| 260 ## - PUBLICATION, DISTRIBUTION, ETC. |
| Place of publication, distribution, etc. |
New York : |
| Name of publisher, distributor, etc. |
Wiley, |
| Date of publication, distribution, etc. |
c1998. |
| 300 ## - PHYSICAL DESCRIPTION |
| Extent |
xviii, 334 p. : |
| Other physical details |
ill. ; |
| Dimensions |
24 cm. |
| 504 ## - BIBLIOGRAPHY, ETC. NOTE |
| Bibliography, etc. note |
Includes bibliographical references (p. 305-321) and index. |
| 600 10 - SUBJECT ADDED ENTRY--PERSONAL NAME |
| Personal name |
Goizueta, Roberto, |
| Dates associated with a name |
1931-1997. |
| 610 20 - SUBJECT ADDED ENTRY--CORPORATE NAME |
| Corporate name or jurisdiction name as entry element |
Coca-Cola Company. |
| 650 #0 - SUBJECT ADDED ENTRY--TOPICAL TERM |
| Topical term or geographic name entry element |
Chief executive officers |
| Geographic subdivision |
United States |
| General subdivision |
Biography. |
| 650 #0 - SUBJECT ADDED ENTRY--TOPICAL TERM |
| Topical term or geographic name entry element |
Soft drink industry |
| Geographic subdivision |
United States. |
| 856 4# - ELECTRONIC LOCATION AND ACCESS |
| Materials specified |
Table of Contents |
| Uniform Resource Identifier |
<a href="http://lcweb.loc.gov/catdir/toc/97049220.html">http://lcweb.loc.gov/catdir/toc/97049220.html</a> |
| 856 42 - ELECTRONIC LOCATION AND ACCESS |
| Materials specified |
Contributor biographical information |
| Uniform Resource Identifier |
<a href="http://www.loc.gov/catdir/enhancements/fy0706/97049220-b.html">http://www.loc.gov/catdir/enhancements/fy0706/97049220-b.html</a> |
| 856 42 - ELECTRONIC LOCATION AND ACCESS |
| Materials specified |
Publisher description |
| Uniform Resource Identifier |
<a href="http://www.loc.gov/catdir/enhancements/fy0706/97049220-d.html">http://www.loc.gov/catdir/enhancements/fy0706/97049220-d.html</a> |
| 906 ## - LOCAL DATA ELEMENT F, LDF (RLIN) |
| a |
7 |
| b |
cbc |
| c |
orignew |
| d |
1 |
| e |
ocip |
| f |
19 |
| g |
y-gencatlg |
| 942 ## - ADDED ENTRY ELEMENTS (KOHA) |
| Source of classification or shelving scheme |
|
| Koha item type |
Book |